LEADER 05233nam0-2200793---450- 001 990009140260403321 005 20100204150137.0 010 $a84-7225-248-5$bVolum 6. Rústica 010 $a84-7225-343-0$bVolum 8. Rústica 010 $a84-7225-397-X$bVolum 9. Rústica 010 $a84-7225-440-2$bVolum 10. Rústica 010 $a84-7225-472-0$bVolum 11. Rústica 010 $a84-7225-525-5$bVolum 12. Rústica 010 $a84-7225-541-7$bVolum 13. Rústica 010 $a84-7225-603-0$bVolum 14. Rústica 010 $a84-7225-655-3$bVolum 15. Rústica 010 $a84-7225-663-4$bVolum 16. Rústica 010 $a84-7225-683-9$bVolum 17. Rústica 010 $a84-7225-745-2$bVolum 18. Rùstica 010 $a84-7225-243-4$bObra completa 035 $a000914026 035 $aFED01000914026 035 $a(Aleph)000914026FED01 035 $a000914026 100 $a20100202g19319999km-y0itay50------ba 101 2 $agrc$acat 102 $aES 105 $aa---a---001cy 200 1 $aDiàlegs$fPlató$gtext revisat i traducció de Joan Crexells [solo voll. 1-2], Jaume Olives Canals [solo voll. 4-5 e 7], Eulalia Presas [solo vol. 6], Manuel Balasch [solo voll. 8-14 e 16]$gtext revisat, traducció i notes de Manuel Balasch [solo voll. 15 e 17], Josep Vives [solo vol. 18] 210 $aBarcelona$cFundació Bernat Metge$d1931- 215 $aV.$d21 cm 225 1 $aCollecció catalana dels clàssics grecs i llatins$etext i traducció$fFundació Bernat Metge$iEscriptors grecs$v6$v13$v34$v104$v119$v144$v223$v239$v250$v258$v263$v273$v278$v290$v300$v301$v305$v317 305 $a2. ed. pei soli voll. 1, 2 e 3 327 0 $a1.: Defensa de Sòcrates. Critó. Eutífron. Laques. - 2.ª edicció / a cura de Carles Riba. - 1931. - XXIV, 140 p. (14-44, 52-67, 78-98, 108-138 doppie). - (6)$a2.: Càrmides. Lisis. Protàgoras. - 2.ª edicció / a cura de Carles Riba. - 1932. - 150 p. (12-40, 48-71, 88-148 doppie). - (13)$a3.: Ió. Hípias menor. Hípias major. Eutidem / traducció de Joan Crexells ; publicada a cura de J. Serra Hunter i Carles Riba. - 2.ª edicció. - 1950. - IV, 164 p. (10-26, 36-55, 68-102, 118-162 doppie). - (34)$a4.: Cràtil. Menexen. - 1952. - 158 p. (44-122, 136-156 doppie). - (104)$a5.: Menó. Alcibíades. - 1956. - 156 p. (36-80, 100-154 doppie). - (119)$a6.: El Convit. - 1983. - 103 p. (32-103 doppie). - (223)$a7.: Fedó. - 1962. - 150 p. (56-150 doppie). - (144)$a8.: Gòrgias. - 1986. - 133 p. (24-133 doppie). - (239)$a9.: Fedre. - 1988. - 122 p. (46-122 doppie). - (250)$a10.: La República : (llibres 1.-4.). - 1989. - 192 p. (10-192 doppie). - (258)$a11.: La República : (llibres 5.-7.). - 1990. - 171 p. (10-162 doppie). - (263)$a12.: La República : (llibres 8.-10.). - 1992. - 237 p. (12-138 doppie). - (273)$a13.: Parmènides. - 1992. -120 p. (54-120 doppie). - (278)$a14.: Teetet. - 1995. - 160 p. (48-160 doppie). - (290)$a15.: El Sofista. - 1996. - 139 p. (38-131 doppie). - (300)$a16.: El Polític. - 1997. - 172 p. (54-148 doppie). - (301)$a17.: Fileb. - 1997. - 190 p. (82-190 doppie). - (305)$a18.: Timeu. Crítias. - 2000. - 188 p. (34-160, 168-188 doppie). - (317) 676 $a880.01 676 $a183 676 $a184 700 0$aPlato$f<427-347 a. C.>$0292329 702 1$aBalasch i Recort,$bManuel 702 1$aCrexells,$bJoan 702 1$aOlives Canals,$bJaume 702 1$aPresas,$bEulalia 702 1$aRiba,$bCarles$f<1893-1959> 702 1$aSerra Hunter,$bJaume$f<1878-1943> 702 1$aVives,$bJosep$f<1928- > 801 0$aIT$bUNINA$gRICA$2UNIMARC 901 $aBK 912 $a990009140260403321 952 $aP2B-600-FBM-PLATO-401A(1)-1931$bDip.Fil.mod. 15870$fFLFBC$mB10-17061 952 $aP2B-600-FBM-PLATO-402A(2)-1932$bDip.Fil.mod. 15863$fFLFBC$mB10-17062 952 $aP2B-600-FBM-PLATO-411A(3)-1950$bDip.Fil.mod. 15891$fFLFBC$mB10-17063 952 $aP2B-600-FBM-PLATO-403A(4)-1952$bDip.Fil.mod. 15969$fFLFBC$mB10-17064 952 $aP2B-600-FBM-PLATO-416A(5)-1956$bDip.Fil.mod. 15984$fFLFBC$mB10-17065 952 $aP2B-600-FBM-PLATO-425A(6)-1983$bDip.Fil.mod. 16119$fFLFBC$mB10-17066 952 $aP2B-600-FBM-PLATO-418A(7)-1962$bDip.Fil.mod. 16021$fFLFBC$mB10-17067 952 $aP2B-600-FBM-PLATO-409A(8)-1986$bDip.Fil.mod. 16136$fFLFBC$mB10-17068 952 $aP2B-600-FBM-PLATO-419A(9)-1988$bDip.Fil.mod. 16147$fFLFBC$mB10-17069 952 $aP2B-600-FBM-PLATO-423A(10)-1989$bDip.Fil.mod. 16156$fFLFBC$mB10-17070 952 $aP2B-600-FBM-PLATO-423A(11)-1990$bDip.Fil.mod. 16162$fFLFBC$mB10-17071 952 $aP2B-600-FBM-PLATO-423A(12)-1992$bDip.Fil.mod. 16176$fFLFBC$mB10-17072 952 $aP2B-600-FBM-PLATO-417A(13)-1992$bDip.Fil.mod. 16181$fFLFBC$mB10-17073 952 $aP2B-600-FBM-PLATO-426A(14)-1995$bDip.Fil.mod. 16346$fFLFBC$mB10-17074 952 $aP2B-600-FBM-PLATO-424A(15)-1996$bDip.Fil.mod. 16356$fFLFBC$mB10-17075 952 $aP2B-600-FBM-PLATO-421A(16)-1997$bDip.Fil.mod. 16357$fFLFBC$mB10-17076 952 $aP2B-600-FBM-PLATO-420A(17)-1997$bDip.Fil.mod. 16361$fFLFBC$mB10-17077 952 $aP2B-600-FBM-PLATO-427A(18)-2000$bDip.Fil.mod. 16373$fFLFBC$mB10-17078 959 $aFLFBC 996 $aDiàlegs$9782953 997 $aUNINA LEADER 03958nam 2200721 450 001 9910796584703321 005 20220721003917.0 010 $a1-5017-1467-8 024 7 $a10.1515/9781501714672 035 $a(CKB)3840000000334842 035 $a(OCoLC)988581168 035 $a(MdBmJHUP)muse65595 035 $a(DLC) 2017026166 035 $a(StDuBDS)EDZ0001929458 035 $a(DE-B1597)496572 035 $a(OCoLC)1020026468 035 $a(DE-B1597)9781501714672 035 $a(Au-PeEL)EBL4987891 035 $a(CaPaEBR)ebr11498740 035 $a(MiAaPQ)EBC4987891 035 $a(EXLCZ)993840000000334842 100 $a20180206h20172017 uy 0 101 0 $aeng 135 $aurcnu|||||||| 181 $2rdacontent 182 $2rdamedia 183 $2rdacarrier 200 10$aBrutality in an age of human rights $eactivism and counterinsurgency at the end of the British empire /$fBrian Drohan 210 1$aIthaca, New York ;$aLondon, [England] :$cCornell University Press,$d2017. 210 4$d©2017 215 $a1 online resource (257 pages) $cillustrations, maps 300 $aPreviously issued in print: 2018. 311 $a1-5017-1466-X 311 $a1-5017-1465-1 320 $aIncludes bibliographical references and index. 327 $tFrontmatter --$tContents --$tAcknowledgments --$tMaps --$tIntroduction --$t1. A Lawyers' War --$t2. The Shadow of Strasbourg --$t3. "Hunger War" --$t4. "This Unhappy Affair" --$t5. "A More Talkative Place" --$tConclusion --$tNotes --$tBibliography --$tIndex 330 $aIn Brutality in an Age of Human Rights, Brian Drohan demonstrates that British officials' choices concerning counterinsurgency methods have long been deeply influenced or even redirected by the work of human rights activists. To reveal how that influence was manifested by military policies and practices, Drohan examines three British counterinsurgency campaigns-Cyprus (1955-1959), Aden (1963-1967), and the peak of the "Troubles" in Northern Ireland (1969-1976). This book is enriched by Drohan's use of a newly available collection of 1.2 million colonial-era files, International Committee of the Red Cross files, the extensive Troubles collection at Linen Hall Library in Belfast, and many other sources.Drohan argues that when faced with human rights activism, British officials sought to evade, discredit, and deflect public criticism of their actions to avoid drawing attention to brutal counterinsurgency practices such as the use of torture during interrogation. Some of the topics discussed in the book, such as the use of violence against civilians, the desire to uphold human rights values while simultaneously employing brutal methods, and the dynamic of wars waged in the glare of the media, are of critical interest to scholars, lawyers, and government officials dealing with the conflicts in Iraq and Afghanistan, and those to come in the future. 606 $aCounterinsurgency$zCyprus 606 $aCounterinsurgency$zYemen (Republic)$zYemen, South 606 $aCounterinsurgency$zNorthern Ireland 606 $aHuman rights$zCyprus 606 $aHuman rights$zYemen (Republic)$zYemen, South 606 $aHuman rights$zNorthern Ireland 606 $aPostcolonialism$zGreat Britain 607 $aCyprus$xHistory$yWar for Union with Greece, 1955-1959 607 $aYemen (Arab Republic)$xHistory$y1962-1970 607 $aNorthern Ireland$xHistory$y1968-1998 615 0$aCounterinsurgency 615 0$aCounterinsurgency 615 0$aCounterinsurgency 615 0$aHuman rights 615 0$aHuman rights 615 0$aHuman rights 615 0$aPostcolonialism 676 $a355.021809171209045 700 $aDrohan$b Brian$f1983-$01553498 801 0$bMiAaPQ 801 1$bMiAaPQ 801 2$bMiAaPQ 906 $aBOOK 912 $a9910796584703321 996 $aBrutality in an age of human rights$93814083 997 $aUNINA